| 000 | 00358nam a2200145 4500 | ||
|---|---|---|---|
| 999 |
_c11721 _d11721 |
||
| 003 | OSt | ||
| 005 | 20230717182423.0 | ||
| 008 | 230717b ||||| |||| 00| 0 eng d | ||
| 020 | _a9780415702355 | ||
| 100 | _dKuppaswamy Iyengar | ||
| 245 | _aSustainable architectural design an overview | ||
| 260 |
_aLondon _bRoutledge |
||
| 300 | _a274p; | ||
| 942 | _2ddc | ||